Problemas de las áreas metropolitanas. Ponencias presentadas al Congreso

Na minha lista:
Detalhes bibliográficos
Formato: Livro
Idioma:espanhol
Publicado em: Madrid Instituto de Estudios de Administración Local 1976
Edição:4a. ed
Assuntos:
Tags: Adicionar Tag
Sem tags, seja o primeiro a adicionar uma tag!

MARC

LEADER 00000cam a2200000 a 4500
001 UCU2084
003 CL-VaPUC
005 20250103092244.0
008 960419e19760000sp 1 spa d
020 |a 8470880950 
082 0 4 |a 910.021  |b PRO  |2 21 
245 1 0 |a Problemas de las áreas metropolitanas. Ponencias presentadas al Congreso 
250 |a 4a. ed 
260 |a Madrid  |b Instituto de Estudios de Administración Local  |c 1976 
300 |a 871 p 
583 |a last modification  |c 20190821 10:15:29  |k Rodrigo Vera 
650 0 0 |a Ciudades  |9 265474 
650 0 0 |a Zonas metropolitanas  |9 358916 
650 0 0 |a Planificación urbana   |9 258176 
650 0 0 |a Desarrollo económico y social   |9 256320 
650 0 0 |a Urbanización   |9 265706 
650 0 0 |a Problemas sociales  |9 258537 
942 |c BK 
945 |a paguirre  |d 19960419 00:00:00 
546 |a En Español 
536 |a Oficinas de Investigación Municipal de Toronto 
518 |p Congreso sobre Problemas Metropolitanos, 1, Toronto, 1967 
999 |c 382570  |d 382568 
952 |0 0  |1 0  |4 0  |6 910_021000000000000_PRO_1976  |7 0  |8 A  |9 504341  |a BIBING  |b BIBING  |d 2020-01-23  |i 2019841  |o 910.021 PRO 1976  |p 2019841  |r 2025-01-20  |w 2020-01-23  |y BK  |k GEO 
952 |0 0  |1 0  |3 erd  |4 0  |6 910_021000000000000_PRO_1976  |7 0  |8 A  |9 504342  |a BIBING  |b BIBING  |i 5045916  |o 910.021 PRO 1976  |p 5045916  |r 2025-01-20  |w 2020-01-23  |y BK  |z Catalogado en:20140109  |k GEO